| 000 | 01293cam a22003015a 4500 | ||
|---|---|---|---|
| 001 | 11744629 | ||
| 005 | 20201128023818.0 | ||
| 008 | 150825t2015 ne a frb 001 0 eng d | ||
| 020 | _a9780128021224 | ||
| 040 |
_aMiAaPQ _beng _epn _cMiAaPQ _dMiAaPQ _dWaSeSS _dEG-ScBUE |
||
| 082 | 0 | 4 |
_a621.319 _222 _bSMA |
| 245 | 0 | 0 |
_aSmart grid security : _binnovative solutions for a modernized grid / _cedited by Florian Skopik, Paul Smith. |
| 260 |
_aWaltham : _bSyngress / Elsevier, _cc.2015. |
||
| 300 |
_axiv, 315 p. : _bill. ; _c24 cm. |
||
| 490 | 0 | _aSyngress Advanced Topics in Information Security. | |
| 500 | _aIndex : p. 307-315. | ||
| 504 | _aIncludes bibliographical references. | ||
| 506 | _aLicense restrictions may limit access. | ||
| 650 | 7 |
_aSmart power grids. _2BUEsh _940961 |
|
| 650 | 7 |
_aComputer security. _2BUEsh _92637 |
|
| 653 |
_bCOMAME _cAugust 2016 |
||
| 700 | 1 |
_aSkopik, Florian, _eeditor. |
|
| 700 | 1 |
_aSmith, Paul, _eeditor. |
|
| 773 | 0 | _tSafari Technical Books (Current File) | |
| 773 | 0 | _teBook - Computer Science 2015 [EBCCS15] | |
| 776 | 0 | 8 |
_iPrint version: _tSmart grid security : innovative solutions for a modernized grid. _dAmsterdam, [Netherlands] : Syngress, c2015 _hxiv, 315 pages _kSyngress Advanced Topics in Information Security _z9780128021224 |
| 942 | _2ddc | ||
| 999 |
_c22273 _d22245 |
||